LEADER 02250nam 2200541I 450 001 9910962479803321 005 20200518093816.0 010 $a9781839826221 010 $a1839826223 010 $a9781839826245 010 $a183982624X 035 $a(CKB)4100000011135860 035 $a(MiAaPQ)EBC6183833 035 $a(UtOrBLW)9781839826245 035 $a(Perlego)1387800 035 $a(EXLCZ)994100000011135860 100 $a20200518d2020 uy 0 101 0 $aeng 135 $aurun||||||||| 181 $ctxt$2rdacontent 182 $cc$2rdamedia 183 $acr$2rdacarrier 200 14$aThe philosophy of transhumanism $ea critical analysis /$fBenjamin Ross (University of North Texas, USA) 210 1$aBingley, England :$cEmerald Publishing,$d[2020] 210 4$dİ2020 215 $a1 online resource (236 pages) 225 1 $aEmerald points 300 $aIncludes index. 311 08$a9781839826252 311 08$a1839826258 320 $aIncludes bibliographical references. 327 $aRedesigning humans -- Engaging with transhumanism -- Living "forever" : transhumanism and mortality -- "Unlimited" intelligence and well-being -- The role of the philosopher in transhumanism -- Transhumanism and Buddhist philosophy : two approaches to suffering -- Conclusion : Contesting and considering. 330 $aTranshumanism is an international movement which anticipates humans developing posthuman capacities in the near future. This work provides an introduction to transhumanism and the ethical and philosophical issues raised by radical human enhancement. The book investigates these questions in a way that is timely and accessible to the non-specialist. 410 0$aEmerald points. 606 $aTranshumanism$xPhilosophy 606 $aPhilosophy, Mind & Body$2bisacsh 606 $aPhilosophy: metaphysics & ontology$2bicssc 615 0$aTranshumanism$xPhilosophy. 615 7$aPhilosophy, Mind & Body. 615 7$aPhilosophy: metaphysics & ontology. 676 $a144 700 $aRoss$b Benjamin$01639767 801 0$bUtOrBLW 801 1$bUtOrBLW 906 $aBOOK 912 $a9910962479803321 996 $aThe philosophy of transhumanism$94367268 997 $aUNINA LEADER 03204nam 22006255 450 001 9910349443103321 005 20251202142428.0 010 $a3-030-31000-0 024 7 $a10.1007/978-3-030-31000-4 035 $a(CKB)4100000009374663 035 $a(DE-He213)978-3-030-31000-4 035 $a(MiAaPQ)EBC5904652 035 $a(PPN)248600966 035 $a(EXLCZ)994100000009374663 100 $a20190924d2019 u| 0 101 0 $aeng 135 $aurnn|008mamaa 181 $ctxt$2rdacontent 182 $cc$2rdamedia 183 $acr$2rdacarrier 200 10$aAdvancing Gene Fusion Detection Towards Personalized Cancer Nanodiagnostics /$fby Kevin M. Koo 205 $a1st ed. 2019. 210 1$aCham :$cSpringer International Publishing :$cImprint: Springer,$d2019. 215 $a1 online resource (XIII, 102 p.) 225 1 $aSpringer Theses, Recognizing Outstanding Ph.D. Research,$x2190-5061 311 08$a3-030-30999-1 327 $aUnifying Next-Generation Biomarkers and Nanodiagnostic Platforms for Precision Prostate Cancer (PCa) Management -- Colorimetric Gene Fusion Diagnostics for Visual Binary Readout -- Label ?Free Surface-Enhanced Raman Scattering Detection System for Clinical Biomarker Targets -- Amplification-Free Electrochemical RNA Biomarker Sensing -- Simultaneous Analysis of Multiple Biomarkers via High-Throughput Parallel Profiling. 330 $aThis book presents a unique concept of merging nanotechnology and novel urinary biomarkers for accurate early prostate cancer detection, discussing an entire progressive pipeline of innovative new strategies in biosensor development, from a simple colorimetric system to a complex system for simultaneous multiple biomarker sensing. For newcomers to the field of nucleic acid biosensing, it also describes various isothermal amplification and amplification-free strategies, which are currently the main research areas. Lastly, the book introduces and demonstrates the notion of clinical nanobiosensor validation toward clinical translation: the ultimate aim of researchers in the biosensor field. This book is a valuable reference resource learners seeking inspiration for cancer biosensor development. 410 0$aSpringer Theses, Recognizing Outstanding Ph.D. Research,$x2190-5061 606 $aBiotechnology 606 $aNanotechnology 606 $aBiomedical engineering 606 $aCancer 606 $aBiotechnology 606 $aNanotechnology 606 $aBiomedical Engineering and Bioengineering 606 $aCancer Biology 615 0$aBiotechnology. 615 0$aNanotechnology. 615 0$aBiomedical engineering. 615 0$aCancer. 615 14$aBiotechnology. 615 24$aNanotechnology. 615 24$aBiomedical Engineering and Bioengineering. 615 24$aCancer Biology. 676 $a610.28 676 $a610.28 700 $aKoo$b Kevin M$4aut$4http://id.loc.gov/vocabulary/relators/aut$0893268 801 0$bMiAaPQ 801 1$bMiAaPQ 801 2$bMiAaPQ 906 $aBOOK 912 $a9910349443103321 996 $aAdvancing Gene Fusion Detection Towards Personalized Cancer Nanodiagnostics$91995456 997 $aUNINA